000 01167nam a2200313 c 4500
999 _c97576
_d97576
003 BLK
005 20230519103236.0
008 180409b bul|||||r ||||||| ||bul||
010 _aKNG00102488000
040 _aBLK
041 _aBUL
_cBUL
080 _aАмериканска литература (на САЩ)
_b821.111(73)
_x-312.4
_z821.111(73)-312.4
100 1 _aХарис, Томас
_eпърви автор
_9268711
139 _aХарис, Томас
_bХ 12
245 1 0 _aМълчанието на агнетата
_bРоман
_cТомас Харис; прев. от англ. Жечка Георгиева.
257 _aUSA
260 _bМедиум 999
_bИван Вазов
_c1991
300 _a320 с.
_c20 см
380 _aX
500 _aОриг. загл. The Silence of the Lambs / Thomas Harris.
653 _aхорър
653 _aромани
700 1 _aГеоргиева, Жечка
_eпрев. от англ.
_9364312
852 _aЦб 166680
856 4 _qpdf
856 4 _qpdf
942 _cKNG
_n0
_07
_s1
944 _aCR
_c01.01.1999
_lф /
_kВиолета_Тройчева
944 _aED
_c03.10.2017
_lф /
_kЛюдмила_Стоянова
999 _d97576